| 000 | 00780nam a2200217Ia 4500 | ||
|---|---|---|---|
| 005 | 20241129110220.0 | ||
| 008 | 241129s9999||||xx |||||||||||||| ||und|| | ||
| 037 | _aTB | ||
| 040 |
_aARTS _bpun _cARTS |
||
| 041 |
_apun _2pun |
||
| 084 |
_aR3xM95,1 153R0.1-.2 _qARTS |
||
| 100 |
_aਕ੍ਰਿਸ਼ਨਾਮੂਰਤੀ, ਜਿੱਦੂ, ਚ। _9727482 |
||
| 245 | 0 |
_aਜੀਉਣ ਬਾਰੇ ਗੱਲਬਾਤ _cਕ੍ਰਿਸ਼ਨਾਮੂਰਤੀ, ਜਿੱਦੂ, ਚ। |
|
| 260 |
_aਪਟਿਆਲਾ, ਭਾਰਤ _bਪਟਿਆਲਾ ਅੰਟਮ ਆਰਟ _c2020 |
||
| 300 | _a272ਪ੍ਰ0 | ||
| 365 |
_aINR _b750 |
||
| 490 | _vV1 | ||
| 650 |
_aPhilosophyMetaphysics _9726837 |
||
| 942 |
_cTB _hR3xM95,1 153R0.1-.2 |
||
| 999 |
_c1227752 _d1227752 |
||